000
00285nam a2200121Ia 4500
008
230511s1954 xx 000 0 und d
041
_a
eng
082
_a
348.044
100
_a
Agarwalla
245
_a
Supreme Court Digest 1950-54
260
_c
1954
906
_a
Supreme Court Cases
999
_c
353863
_d
353863